[Event "Acqui Terme Seniors op 50"]
[Site "Acqui Terme"]
[Date "2024.06.15"]
[Round "8"]
[White "Battistella, Stefano"]
[Black "Luciani, Valerio"]
[Result "1/2-1/2"]
[WhiteElo "2003"]
[BlackElo "2112"]
[PlyCount "113"]
[EventDate "2024.06.08"]
[EventType "swiss"]
[EventRounds "9"]
[EventCountry "ITA"]
[SourceTitle "CBM 220 Extra"]
[Source "ChessBase"]
[SourceDate "2024.07.31"]
[SourceVersion "1"]
[SourceVersionDate "2024.07.31"]
[SourceQuality "1"]

1. c4 e5 2. Nc3 Nc6 3. Nf3 f5 4. d4 e4 5. Ng5 Nf6 6. h4 Bb4 7. e3 d6 8. Be2 0-0 9. Bd2 Bxc3 10. Bxc3 Qe7 11. Nh3 Nd8 12. d5 a5 13. Nf4 Nf7 14. b3 b6 15. Rh3 Ne5 16. Qd2 Ng6 17. h5 Nxf4 18. exf4 Bd7 19. Qd4 Kf7 20. Rg3 Rg8 21. 0-0-0 Raf8 22. Kb2 Ke8 23. Re3 Kd8 24. a3 Qf7 25. Rh1 h6 26. Rg3 Qe7 27. b4 axb4 28. axb4 Ke8 29. Ra1 Kf7 30. Ra7 Rc8 31. Rg6 Be8 32. Rg3 Kf8 33. Rh3 Bf7 34. Qd1 Qd8 35. Qa4 Ke7 36. Bd4 Ra8 37. Bxb6 Rxa7 38. Qxa7 Kd7 39. Qa4+ Ke7 40. Qa7 Kd7 41. Qa4+ Ke7 42. Bd4 Qb8 43. b5 Qb7 44. Rg3 Ra8 45. Qb3 Nd7 46. Rxg7 Nc5 47. Bxc5 dxc5 48. Qc3 Qa7 49. Kc2 Qa2+ 50. Qb2 Qa4+ 51. Kd2 Qa5+ 52. Ke3 Qa3+ 53. Qxa3 Rxa3+ 54. Kd2 Ra2+ 55. Ke3 Ra3+ 56. Kd2 Ra2+ 57. Ke3 1/2-1/2

[Event "ITA-chT GpB playoff 54th"]
[Site "Bacoli"]
[Date "2023.04.30"]
[Round "1"]
[White "Luciani, Valerio"]
[Black "Tripodi, Enzo"]
[Result "0-1"]
[WhiteElo "2118"]
[BlackElo "2120"]
[PlyCount "80"]
[EventDate "2023.04.30"]
[EventType "team-tourn"]
[EventRounds "4"]
[EventCountry "ITA"]
[SourceTitle "CBM 213 Extra"]
[Source "ChessBase"]
[SourceDate "2023.05.31"]
[SourceVersion "1"]
[SourceVersionDate "2023.05.31"]
[SourceQuality "1"]
[WhiteTeam "Il Grifone Di Arzignano"]
[BlackTeam "Torino"]
[WhiteTeamCountry "ITA"]
[BlackTeamCountry "ITA"]

1. c4 Nf6 2. Nc3 e6 3. Nf3 c5 4. g3 Nc6 5. Bg2 d5 6. cxd5 exd5 7. d4 cxd4 8. Nxd4 Bc5 9. Nb3 Bb4 10. 0-0 Be6 11. Be3 0-0 12. Bc5 Re8 13. Bxb4 Nxb4 14. a3 Nc6 15. Nb5 Bg4 16. N5d4 Qb6 17. Ra2 Rad8 18. h3 Bh5 19. g4 Bg6 20. e3 h5 21. g5 Ne4 22. h4 a5 23. a4 Nb4 24. Ra1 Nd6 25. Bf3 Bd3 26. Re1 Nc4 27. Bxh5 Nxb2 28. Qf3 g6 29. Bg4 Be4 30. Qg3 N2d3 31. Red1 Ne5 32. Be2 Rc8 33. Rac1 Rxc1 34. Rxc1 Na2 35. Rc5 Qb4 36. f3 Bd3 37. Rxd5 Nc3 38. Rxe5 Nxe2+ 39. Nxe2 Rxe5 40. Qxe5 Qe1+ 0-1

[Event "ITA-chT GpB playoff 54th"]
[Site "Bacoli"]
[Date "2023.04.30"]
[Round "4"]
[White "Tripodi, Enzo"]
[Black "Luciani, Valerio"]
[Result "1/2-1/2"]
[WhiteElo "2120"]
[BlackElo "2118"]
[PlyCount "134"]
[EventDate "2023.04.30"]
[EventType "team-tourn"]
[EventRounds "4"]
[EventCountry "ITA"]
[SourceTitle "CBM 213 Extra"]
[Source "ChessBase"]
[SourceDate "2023.05.31"]
[SourceVersion "1"]
[SourceVersionDate "2023.05.31"]
[SourceQuality "1"]
[WhiteTeam "Torino"]
[BlackTeam "Il Grifone Di Arzignano"]
[WhiteTeamCountry "ITA"]
[BlackTeamCountry "ITA"]

1. e4 d6 2. d4 Nf6 3. Nc3 c6 4. Be3 Nbd7 5. f4 Qa5 6. Bd3 e5 7. fxe5 dxe5 8. Nf3 exd4 9. Nxd4 Ne5 10. 0-0 Bg4 11. Qe1 Bh5 12. Kh1 Bg6 13. Nf5 Bxf5 14. Rxf5 Nxd3 15. cxd3 Qc7 16. Bf4 Qd7 17. Be5 Be7 18. Qg3 0-0-0 19. Rd1 Qe6 20. h3 g6 21. Rff1 Nh5 22. Qh2 Rhf8 23. g4 f6 24. Bc7 Rd7 25. Ba5 Bd6 26. Qf2 Ng3+ 27. Kg2 Nxf1 28. Qxa7 Bb8 29. Qf2 Bc7 30. Bxc7 Kxc7 31. Qxf1 Rfd8 32. Na4 Qe5 33. Qf2 Qb5 34. Nc3 Qb6 35. Qe2 Qa6 36. d4 Qxe2+ 37. Nxe2 Re8 38. Kf3 Rde7 39. Ng3 Kb6 40. h4 Ra8 41. a3 Ra4 42. h5 Rc4 43. hxg6 hxg6 44. Rd2 Rh7 45. e5 fxe5 46. dxe5 Re7 47. Re2 Kc7 48. g5 Rf7+ 49. Kg2 Re7 50. Re3 Kd7 51. Re2 Ke6 52. Ne4 Kd5 53. Nf6+ Kc5 54. Ne4+ Kb6 55. Nf6 Rf4 56. Kg3 Rf5 57. e6 Rxg5+ 58. Kh4 Rf5 59. Ng8 Re8 60. e7 Rxg8 61. e8Q Rxe8 62. Rxe8 Rf2 63. b4 Ra2 64. Re6 Rxa3 65. Rxg6 Rc3 66. Kg5 Rg3+ 67. Kf6 Rxg6+ 1/2-1/2

[Event "ITA-chT GpA 54th"]
[Site "Bacoli"]
[Date "2023.04.26"]
[Round "2"]
[White "Luciani, Valerio"]
[Black "Maldonado Gonzales, Stefano"]
[Result "1/2-1/2"]
[WhiteElo "2118"]
[BlackElo "2207"]
[PlyCount "97"]
[EventDate "2023.04.25"]
[EventType "team-tourn"]
[EventRounds "7"]
[EventCountry "ITA"]
[SourceTitle "CBM 213 Extra"]
[Source "ChessBase"]
[SourceDate "2023.05.31"]
[SourceVersion "1"]
[SourceVersionDate "2023.05.31"]
[SourceQuality "1"]
[WhiteTeam "Il Grifone Di Arzignano"]
[BlackTeam "Costa Smeralda Arzachess"]
[WhiteTeamCountry "ITA"]
[BlackTeamCountry "ITA"]

1. d4 d5 2. c4 e6 3. Nc3 Nf6 4. cxd5 exd5 5. Bg5 Be7 6. e3 0-0 7. Qc2 Re8 8. Bd3 h6 9. Bh4 c5 10. Nge2 Nc6 11. a3 cxd4 12. exd4 Be6 13. 0-0 Rc8 14. Rad1 Nd7 15. Bxe7 Rxe7 16. h3 Qf8 17. Bh7+ Kh8 18. Nf4 Nd8 19. Bf5 Nb6 20. Qb1 Qe8 21. Nfxd5 Nxd5 22. Nxd5 Rd7 23. Ne3 g6 24. Bxe6 Nxe6 25. Qe4 Ng5 26. Qxe8+ Rxe8 27. d5 Ne4 28. Rd4 f5 29. Rfd1 Kg7 30. Nc4 b5 31. Nd2 Nf6 32. Nb3 Rc8 33. d6 Rc6 34. f3 Ne8 35. Re1 Nxd6 36. Red1 Kf7 37. Rd5 Ke7 38. Nc5 Rdc7 39. b4 a6 40. Kh2 Nc4 41. Re1+ Kf7 42. Rd3 Re7 43. Rxe7+ Kxe7 44. Kg3 Rd6 45. Rxd6 Kxd6 46. Kf4 Nxa3 47. Nxa6 Nc2 48. h4 Nd4 49. Nc5 1/2-1/2

[Event "Adelboden op 8th"]
[Site "Adelboden"]
[Date "2022.12.10"]
[Round "3"]
[White "Luciani, Valerio"]
[Black "Ernst, Rolf"]
[Result "1-0"]
[WhiteElo "2136"]
[BlackElo "1898"]
[PlyCount "49"]
[EventDate "2022.12.09"]
[EventType "swiss"]
[EventRounds "5"]
[EventCountry "SUI"]
[SourceTitle "CBM 211 Extra"]
[Source "ChessBase"]
[SourceDate "2023.01.31"]
[SourceVersion "1"]
[SourceVersionDate "2023.01.31"]
[SourceQuality "1"]

1. d4 Nf6 2. c4 g6 3. Nc3 d5 4. cxd5 Nxd5 5. e4 Nxc3 6. bxc3 c5 7. Bc4 Bg7 8. Be3 0-0 9. Ne2 Qc7 10. Rc1 Nc6 11. h4 Rd8 12. f3 Na5 13. Bd3 b6 14. h5 Bb7 15. Kf2 Rd7 16. Rh3 Nc6 17. Qh1 Ne5 18. Bb5 Bc6 19. dxe5 Bxb5 20. e6 Bxe2 21. exd7 Bc4 22. Rd1 Bxa2 23. Qh2 e5 24. hxg6 fxg6 25. Rxh7 1-0

[Event "ITA-chTB 53rd"]
[Site "Montesilvano"]
[Date "2022.04.22"]
[Round "5.2"]
[White "Schacher, Gerd"]
[Black "Luciani, Valerio"]
[Result "1-0"]
[WhiteElo "2246"]
[BlackElo "2151"]
[PlyCount "75"]
[EventDate "2022.04.19"]
[EventType "team-tourn"]
[EventRounds "7"]
[EventCountry "ITA"]
[SourceTitle "CBM 207 Extra"]
[Source "ChessBase"]
[SourceDate "2022.05.31"]
[SourceVersion "1"]
[SourceVersionDate "2022.05.31"]
[SourceQuality "1"]
[WhiteTeam "Marostica Pizzato Elettrica"]
[BlackTeam "Il Grifone D’Arzignano"]
[WhiteTeamCountry "ITA"]
[BlackTeamCountry "ITA"]

1. c4 Nf6 2. Nf3 b6 3. g3 e6 4. Bg2 Bb7 5. 0-0 Be7 6. Re1 c5 7. Nc3 d5 8. cxd5 exd5 9. d4 Nbd7 10. Nh4 cxd4 11. Nb5 0-0 12. Nf5 Nc5 13. Bf4 Ne8 14. Nbxd4 Bf6 15. Rc1 Ne6 16. Be3 Nd6 17. Qd2 Qd7 18. b3 Rfd8 19. Nxd6 Qxd6 20. Red1 Rd7 21. Bf3 Re8 22. Nb5 Qb8 23. Bd4 Be7 24. Bg4 Bf8 25. e3 Rdd8 26. Qb2 f6 27. b4 Kf7 28. a4 a6 29. Nc3 Ba8 30. Ne2 Qd6 31. b5 a5 32. Nf4 Nxf4 33. gxf4 Re7 34. Rd2 Rc7 35. Rdc2 Rxc2 36. Qxc2 g6 37. Qc7+ Be7 38. Qxb6 1-0

[Event "Imola op 3rd"]
[Site "Imola"]
[Date "2021.12.07"]
[Round "3"]
[White "Luciani, Valerio"]
[Black "Piangerelli, Michele"]
[Result "1/2-1/2"]
[WhiteElo "2214"]
[BlackElo "2039"]
[PlyCount "58"]
[EventDate "2021.12.06"]
[EventType "swiss"]
[EventRounds "5"]
[EventCountry "ITA"]
[SourceTitle "CBM 205 Extra"]
[Source "ChessBase"]
[SourceDate "2022.01.31"]
[SourceVersion "1"]
[SourceVersionDate "2022.01.31"]
[SourceQuality "1"]

1. d4 Nf6 2. c4 e6 3. g3 Bb4+ 4. Bd2 Qe7 5. Bg2 0-0 6. Nf3 Bxd2+ 7. Nbxd2 d6 8. 0-0 a5 9. Qc2 e5 10. e4 Nc6 11. Qc3 Re8 12. d5 Nb8 13. Ne1 Nbd7 14. Nd3 Ng4 15. h3 Nh6 16. Rae1 Qg5 17. Re3 f5 18. f4 Qf6 19. exf5 Nxf5 20. Ree1 Nxg3 21. fxe5 Qg5 22. Rf3 dxe5 23. Kh2 Nh5 24. Rfe3 Nf4 25. Rg3 Qf5 26. Nxf4 Qxf4 27. Re4 Qf8 28. Reg4 Re7 29. Ne4 Nf6 1/2-1/2

[Event "Imola op 3rd"]
[Site "Imola"]
[Date "2021.12.06"]
[Round "1"]
[White "Bogner, Sebastian"]
[Black "Luciani, Valerio"]
[Result "1-0"]
[WhiteElo "2577"]
[BlackElo "2214"]
[PlyCount "103"]
[EventDate "2021.12.06"]
[EventType "swiss"]
[EventRounds "5"]
[EventCountry "ITA"]
[SourceTitle "CBM 205 Extra"]
[Source "ChessBase"]
[SourceDate "2022.01.31"]
[SourceVersion "1"]
[SourceVersionDate "2022.01.31"]
[SourceQuality "1"]

1. e4 e6 2. d4 d5 3. Nc3 Bb4 4. e5 c5 5. a3 Bxc3+ 6. bxc3 Ne7 7. h4 Qa5 8. Bd2 Qa4 9. Rb1 c4 10. h5 h6 11. Qc1 Nbc6 12. Rh3 b6 13. Rg3 Rg8 14. Nh3 Bd7 15. Rf3 Rf8 16. Be2 0-0-0 17. Qb2 Ng8 18. Nf4 Nce7 19. g4 f6 20. Be3 Rf7 21. Rg3 Re8 22. Ng2 Nc6 23. f4 Qa5 24. Nh4 Kc7 25. a4 Qa6 26. Qa3 Qc8 27. Kd2 Qd8 28. Rh1 Qe7 29. Qa1 Rd8 30. Bf3 Qe8 31. Qa3 Qe7 32. Qa2 Qe8 33. Ke2 Na5 34. Ra1 Ne7 35. Qa3 Kb7 36. Bg2 Bc8 37. Kf2 Nac6 38. Kg1 Bd7 39. Bh3 Bc8 40. Bd2 Bd7 41. Re1 fxe5 42. dxe5 Na5 43. f5 Ng8 44. Ng6 Nc6 45. Nf4 Re7 46. Ng6 Rf7 47. g5 hxg5 48. Bxg5 Rc8 49. a5 Nd8 50. axb6 a6 51. Ra1 Ra8 52. Bxd8 1-0

[Event "Serpiano op"]
[Site "Serpiano"]
[Date "2021.11.27"]
[Round "1"]
[White "Morotti, Elisa"]
[Black "Luciani, Valerio"]
[Result "0-1"]
[WhiteElo "1497"]
[BlackElo "2180"]
[PlyCount "70"]
[EventDate "2021.11.27"]
[EventType "swiss"]
[EventRounds "5"]
[EventCountry "SUI"]
[SourceTitle "CBM 205 Extra"]
[Source "ChessBase"]
[SourceDate "2022.01.31"]
[SourceVersion "1"]
[SourceVersionDate "2022.01.31"]
[SourceQuality "1"]

1. e4 d6 2. f4 Nf6 3. Nc3 c6 4. Nf3 Qa5 5. Be2 e5 6. fxe5 dxe5 7. 0-0 Bg4 8. d3 Bxf3 9. Bxf3 Nbd7 10. Bd2 Qc7 11. Ne2 g6 12. c3 Bg7 13. Ng3 h5 14. Nh1 Qb6+ 15. Nf2 0-0-0 16. Kh1 Kb8 17. Qc1 Ng8 18. Nh3 f6 19. Be3 Qc7 20. Qd1 Bh6 21. Bf2 Ne7 22. Qa4 Nb6 23. Qc2 Qd7 24. Rad1 Qe6 25. Ng1 Nbc8 26. Ne2 g5 27. Nc1 g4 28. Be2 Bxc1 29. Rxc1 Ng6 30. g3 Nge7 31. Qa4 Rdg8 32. c4 f5 33. Be3 h4 34. Kg2 Rg7 35. Rh1 Rhh7 0-1

[Event "Bassano del Grappa op 11"]
[Site "Bassano del Grappa"]
[Date "2020.11.28"]
[Round "3"]
[White "Basso, Pier Luigi"]
[Black "Luciani, Valerio"]
[Result "1-0"]
[WhiteElo "2561"]
[BlackElo "2158"]
[PlyCount "65"]
[EventDate "2020.11.27"]
[EventType "swiss"]
[EventRounds "5"]
[EventCountry "ITA"]
[SourceTitle "CBM 199 Extra"]
[Source "ChessBase"]
[SourceDate "2021.01.31"]
[SourceVersion "1"]
[SourceVersionDate "2021.01.31"]
[SourceQuality "1"]

1. d4 Nf6 2. c4 d6 3. Nc3 Nbd7 4. Nf3 e5 5. Bg5 Be7 6. e3 0-0 7. Bd3 c6 8. 0-0 Qc7 9. h3 Re8 10. Bh4 Bf8 11. Qc2 g6 12. b4 b6 13. Bg3 a5 14. a3 Bb7 15. c5 Qd8 16. cxd6 Bxd6 17. Bc4 Qe7 18. bxa5 Rxa5 19. a4 exd4 20. Bxd6 Qxd6 21. exd4 Ba6 22. Bxa6 Rxa6 23. Qb3 Nd5 24. Ne4 Qb4 25. Qc2 Nb8 26. Rfb1 Qe7 27. Re1 Qc7 28. Ne5 Ra7 29. h4 Kg7 30. h5 f6 31. Nxg6 hxg6 32. Nd6 Rg8 33. Ne8+ 1-0

[Event "Province VR 80th"]
[Site "Zevio Verona"]
[Date "2020.01.25"]
[Round "2.1"]
[White "Luciani, Valerio"]
[Black "Gneo, Marco"]
[Result "1-0"]
[WhiteElo "2121"]
[BlackElo "1724"]
[PlyCount "93"]
[EventDate "2020.01.24"]
[EventType "swiss"]
[EventRounds "5"]
[EventCountry "ITA"]
[SourceTitle "EXT 2024"]
[Source "ChessBase"]
[SourceDate "2023.10.10"]
[SourceVersion "1"]
[SourceVersionDate "2023.10.10"]
[SourceQuality "1"]

1. d4 d5 2. c4 e6 3. Nc3 Nf6 4. cxd5 exd5 5. Bg5 c6 6. e3 Be7 7. Qc2 0-0 8. Bd3 Nbd7 9. Nge2 h6 10. Bh4 c5 11. 0-0 c4 12. Bf5 Nb6 13. Rad1 Nh5 14. Bxc8 Rxc8 15. Qf5 Bxh4 16. Qxh5 Bg5 17. g3 Qd7 18. h4 Qh3 19. Qf3 Bd8 20. Nxd5 Nxd5 21. Qxd5 Qg4 22. f3 Qh3 23. Rf2 Rc6 24. Rh2 Qc8 25. e4 Bc7 26. e5 Rd8 27. Qe4 Re6 28. f4 Rb6 29. Rd2 Qg4 30. Kg2 Bxe5 31. Qf3 Qxf3+ 32. Kxf3 Bf6 33. Rh1 Rbd6 34. Rhd1 a6 35. d5 b5 36. Nc3 Bxc3 37. bxc3 h5 38. Ke4 g6 39. a4 f6 40. axb5 axb5 41. Rb1 f5+ 42. Ke5 Rb6 43. Kd4 Rbb8 44. Re2 Kf7 45. Re6 b4 46. Rxb4 Rxb4 47. cxb4 1-0

[Event "Porto San Giorgio op"]
[Site "Porto San Giorgio"]
[Date "2019.08.30"]
[Round "8"]
[White "Bettalli, Francesco"]
[Black "Luciani, Valerio"]
[Result "1-0"]
[WhiteElo "2194"]
[BlackElo "2128"]
[PlyCount "83"]
[EventDate "2019.08.24"]
[EventType "swiss"]
[EventRounds "9"]
[EventCountry "ITA"]
[SourceTitle "EXT 2020"]
[Source "ChessBase"]
[SourceDate "2019.10.17"]
[SourceVersion "1"]
[SourceVersionDate "2019.10.17"]
[SourceQuality "1"]

1. e4 d6 2. d4 Nf6 3. f3 c6 4. c4 e5 5. Ne2 Nbd7 6. Nbc3 Be7 7. Be3 0-0 8. Qd2 Re8 9. d5 c5 10. Nc1 a6 11. Be2 Nf8 12. Nd3 Ng6 13. a3 h6 14. b4 b6 15. 0-0 Nh7 16. g3 Bg5 17. Kh1 Bxe3 18. Qxe3 Bd7 19. Rab1 Rb8 20. Rfe1 Rf8 21. Bf1 Qc7 22. Bg2 f5 23. exf5 Bxf5 24. bxc5 bxc5 25. Ne4 Nf6 26. Ndf2 Bxe4 27. Nxe4 Nh8 28. Bh3 Nxe4 29. Qxe4 Nf7 30. Be6 Kh8 31. f4 exf4 32. gxf4 Rxb1 33. Qxb1 Nd8 34. Qg6 Qe7 35. f5 Qh4 36. Qg3 Qe7 37. Re4 Nf7 38. Rh4 Ne5 39. Rh5 Rb8 40. Kg2 Rb2+ 41. Kh3 Rd2 42. Rxh6+ 1-0

[Event "Porto San Giorgio op"]
[Site "Porto San Giorgio"]
[Date "2019.08.29"]
[Round "7"]
[White "Romanishin, Oleg M"]
[Black "Luciani, Valerio"]
[Result "1-0"]
[WhiteElo "2452"]
[BlackElo "2128"]
[PlyCount "51"]
[EventDate "2019.08.24"]
[EventType "swiss"]
[EventRounds "9"]
[EventCountry "ITA"]
[SourceTitle "EXT 2020"]
[Source "ChessBase"]
[SourceDate "2019.10.17"]
[SourceVersion "1"]
[SourceVersionDate "2019.10.17"]
[SourceQuality "1"]

1. d4 f5 2. g3 Nf6 3. Bg2 d6 4. Nf3 g6 5. 0-0 Bg7 6. b3 0-0 7. Bb2 Qe8 8. c4 h6 9. Nbd2 g5 10. d5 c5 11. Qc2 Qh5 12. e3 e5 13. dxe6 Bxe6 14. e4 fxe4 15. Nxe4 Nc6 16. Rae1 Nxe4 17. Qxe4 Rae8 18. Bxg7 Kxg7 19. Qd3 g4 20. Nh4 Nd4 21. f4 gxf3 22. Nxf3 Bf5 23. Qc3 Qg4 24. Rd1 Re4 25. Nxd4 Rxd4 26. Bf3 1-0

[Event "Ascona op 14th"]
[Site "Ascona"]
[Date "2019.04.26"]
[Round "1"]
[White "Luciani, Valerio"]
[Black "Koch Muller, Victor"]
[Result "1-0"]
[WhiteElo "2175"]
[BlackElo "1589"]
[PlyCount "83"]
[EventDate "2019.04.26"]
[EventType "swiss"]
[EventRounds "5"]
[EventCountry "SUI"]
[SourceTitle "CBM 190 Extra"]
[Source "ChessBase"]
[SourceDate "2019.07.15"]
[SourceVersion "1"]
[SourceVersionDate "2019.07.15"]
[SourceQuality "1"]

1. d4 Nf6 2. c4 c5 3. d5 b5 4. cxb5 a6 5. f3 d6 6. e4 g6 7. Bd2 Bg7 8. Na3 0-0 9. Bc3 Nbd7 10. bxa6 Bxa6 11. Bxa6 Rxa6 12. Nc4 Qc7 13. Ne2 Rfa8 14. a3 Nb6 15. Nxb6 Qxb6 16. 0-0 Rb8 17. Rb1 Qb5 18. Qc2 Qb3 19. Qxb3 Rxb3 20. Ra1 Nd7 21. Nc1 Rb7 22. Rf2 Bxc3 23. bxc3 Nb6 24. Rb2 Rba7 25. Rba2 Nc4 26. a4 Nb6 27. a5 Nc4 28. Nb3 Rb7 29. Nd2 Ne5 30. Kf2 Rb5 31. Ke2 f6 32. f4 Nf7 33. Nc4 Nd8 34. Rb2 Rxb2+ 35. Nxb2 Nb7 36. Nc4 Kf7 37. Kd3 f5 38. e5 h6 39. exd6 exd6 40. Rb1 Nd8 41. Rb6 Rxb6 42. Nxb6 1-0

[Event "Locarno op 4th"]
[Site "Locarno"]
[Date "2019.04.07"]
[Round "5"]
[White "Luciani, Valerio"]
[Black "Fischer, Gerd1"]
[Result "1-0"]
[WhiteElo "2175"]
[BlackElo "1840"]
[PlyCount "43"]
[EventDate "2019.04.05"]
[EventType "swiss"]
[EventRounds "5"]
[EventCountry "SUI"]
[SourceTitle "CBM 190 Extra"]
[Source "ChessBase"]
[SourceDate "2019.07.15"]
[SourceVersion "1"]
[SourceVersionDate "2019.07.15"]
[SourceQuality "1"]

1. d4 d6 2. c4 e5 3. Nf3 Nd7 4. Nc3 Ngf6 5. g3 Be7 6. Bg2 0-0 7. 0-0 c6 8. e4 Re8 9. h3 Bf8 10. Be3 a6 11. a4 b6 12. Qc2 Bb7 13. Nd2 Qc7 14. f4 b5 15. axb5 cxb5 16. cxb5 axb5 17. Rxa8 Bxa8 18. Qb3 exd4 19. Bxd4 Nc5 20. Qxb5 Rb8 21. Qc4 Rxb2 22. Nb5 1-0

[Event "Porto Sant Elpidio op 21st"]
[Site "Porto Sant Elpidio"]
[Date "2018.11.25"]
[Round "4.2"]
[White "Varvaglione, Antonio"]
[Black "Luciani, Valerio"]
[Result "0-1"]
[WhiteElo "2208"]
[BlackElo "2178"]
[PlyCount "128"]
[EventDate "2018.11.23"]
[EventType "swiss"]
[EventRounds "5"]
[EventCountry "ITA"]
[SourceTitle "EXT 2024"]
[Source "ChessBase"]
[SourceDate "2023.10.10"]
[SourceVersion "1"]
[SourceVersionDate "2023.10.10"]
[SourceQuality "1"]

1. Nf3 Nf6 2. g3 d5 3. Bg2 c5 4. d3 Nc6 5. Nbd2 e6 6. e4 Be7 7. 0-0 0-0 8. Re1 Qc7 9. e5 Nd7 10. h4 b5 11. Qe2 a5 12. Nf1 b4 13. N1h2 Ba6 14. h5 Rac8 15. Ng4 Nd4 16. Qd1 Nxf3+ 17. Bxf3 c4 18. d4 c3 19. b3 a4 20. Kg2 Ra8 21. Be3 Ra7 22. Qc1 Rfa8 23. Bg5 Qd8 24. Bxe7 Qxe7 25. Qf4 h6 26. Rh1 Kh7 27. Rh4 Bb5 28. Re1 axb3 29. axb3 Nb8 30. Nf6+ Kh8 31. Rg4 Nd7 32. Nxd5 exd5 33. Bxd5 Rf8 34. Qf5 Ra6 35. Be4 g6 36. Qf4 Kg7 37. Rh1 g5 38. Qf5 Rh8 39. f4 Be2 40. Bf3 Bxf3+ 41. Kxf3 f6 42. Qg6+ Kf8 43. fxg5 hxg5 44. Rxg5 Qf7 45. Qxf7+ Kxf7 46. Rf5 Ke6 47. Ke4 fxe5 48. dxe5 Ra5 49. Re1 Ra2 50. Re2 Nc5+ 51. Kf4 Nxb3 52. Rf6+ Ke7 53. Re4 Nc5 54. Rxb4 Rxh5 55. Rc4 Ne6+ 56. Ke4 Rxc2 57. Kd3 Rg2 58. Rf3 c2 59. Rf1 Rxe5 60. Rc1 Rd5+ 61. Kc3 Rdd2 62. Kb2 Nd4 63. Kc3 Rd1 64. Kb2 Rxc1 0-1

[Event "Porto San Giorgio op 28th"]
[Site "Porto San Giorgio"]
[Date "2018.08.31"]
[Round "9"]
[White "Bruno, Fabio"]
[Black "Luciani, Valerio"]
[Result "0-1"]
[WhiteElo "2438"]
[BlackElo "2247"]
[PlyCount "126"]
[EventDate "2018.08.24"]
[EventType "swiss"]
[EventRounds "9"]
[EventCountry "ITA"]
[SourceTitle "CBM 186 Extra"]
[Source "ChessBase"]
[SourceDate "2018.08.24"]
[SourceVersion "1"]
[SourceVersionDate "2018.08.24"]
[SourceQuality "1"]

1. Nf3 Nf6 2. b3 d6 3. d4 Nbd7 4. Bb2 c6 5. Nbd2 Qc7 6. c4 e5 7. Qc2 Be7 8. g3 0-0 9. Bg2 Re8 10. 0-0 Bf8 11. e3 b6 12. Rad1 Bb7 13. Rfe1 Rad8 14. e4 Qb8 15. c5 exd4 16. cxd6 Bxd6 17. Nxd4 c5 18. Nf5 Bc7 19. Nc4 Ne5 20. Nce3 Ned7 21. Rxd7 Rxd7 22. Bxf6 gxf6 23. Ng4 Re6 24. Ngh6+ Kh8 25. Qe2 Qf8 26. Qh5 b5 27. Qe2 Ba6 28. Bf1 c4 29. bxc4 bxc4 30. Qc2 Bb6 31. Kg2 Qc5 32. Re3 Qc6 33. Re1 Ba5 34. Rb1 Rxe4 35. Kh3 Re8 36. Bg2 Qe6 37. Rd1 Bc8 38. Kh4 Bb4 39. Rc1 Bd2 40. Qxc4 Qxc4+ 41. Rxc4 Bxh6 42. Nxh6 Rde7 43. Bc6 Rd8 44. Bf3 Kg7 45. Ng4 Bxg4 46. Rxg4+ Kf8 47. Rf4 Rd2 48. Be4 Rxa2 49. Kh5 f5 50. Bxf5 Ree2 51. Kg5 Rxf2 52. Rc4 Rxh2 53. g4 Kg7 54. Kf4 h6 55. Ke5 a5 56. Rc7 a4 57. Kd4 a3 58. Ra7 Ra1 59. Be6 Rf2 60. Ke3 Rff1 61. Bc4 Rf6 62. Bb3 Rg1 63. Rxa3 Rg3+ 0-1

[Event "Porto San Giorgio op 28th"]
[Site "Porto San Giorgio"]
[Date "2018.08.26"]
[Round "3"]
[White "Damia, Angelo"]
[Black "Luciani, Valerio"]
[Result "1-0"]
[WhiteElo "2313"]
[BlackElo "2247"]
[PlyCount "73"]
[EventDate "2018.08.24"]
[EventType "swiss"]
[EventRounds "9"]
[EventCountry "ITA"]
[SourceTitle "CBM 186 Extra"]
[Source "ChessBase"]
[SourceDate "2018.08.24"]
[SourceVersion "1"]
[SourceVersionDate "2018.08.24"]
[SourceQuality "1"]

1. e4 e6 2. d4 d5 3. Nc3 Bb4 4. exd5 exd5 5. Bd3 Nc6 6. Nge2 Nge7 7. 0-0 Bf5 8. Bxf5 Nxf5 9. Qd3 Qd7 10. Bf4 0-0 11. Bxc7 Nfxd4 12. Nxd4 Bxc3 13. Qxc3 Nxd4 14. Qxd4 Qxc7 15. c3 Rfd8 16. Rad1 b5 17. Rfe1 Rd7 18. Re5 Rad8 19. Rde1 f6 20. Re6 Qc4 21. Qe3 Qc8 22. Qg3 Qc7 23. Qg4 Rf8 24. Re8 Rxe8 25. Rxe8+ Kf7 26. Qe6+ Kg6 27. g3 Qd6 28. Qe2 Qc6 29. Rf8 Kh6 30. Qe3+ g5 31. h4 Kg7 32. Qe8 Qd6 33. Rg8+ Kh6 34. Qe3 Qe7 35. hxg5+ fxg5 36. Qf3 Rd8 37. Qh1# 1-0